Letter B - Statistics

General Stats
  • This quiz has been taken 12 times
  • The average score is 2 of 10
Answer Stats
Hint Answer % Correct
a tool used to see further binoculars
90%
a two wheeler bicycle
50%
charm beguile
10%
boaster braggart
10%
very smart10 brilliant
10%
contradict belie
0%
generous benevolent
0%
showing gentleness benign
0%
support bolster
0%
using inflated language bombastic
0%
No matching quizzes found
Score Distribution
Percent of People with Each Score
Percentile by Number Answered
Your Score History
You have not taken this quiz